000 00721nam a2200217Ii 4500
003 JO-AjNU
008 230605s9999||||xx |||||||||||||| ||und||
017 _a2021/4/2244
020 _a978-9957-67-912-5
040 _aJO-AjNU
_bara
_erda
_cJO-AjNU
041 _aara
050 1 4 _aPJ7507.S296.2021
100 3 _aالسعودي، محمد,
_eauthor
_963478
245 0 0 _aمقام التلقي: دراسات في الادب العربي
250 _aط1
300 _a183ص
336 _atext
_btxt
_2rdacontent
337 _aunmediated
_bn
_2rdamedia
338 _avolume
_bnc
_2rdacarrier
650 4 _aالنقد الادبي-التحليل الادبي-الاعمال الادبية-الادب العربي
_963479
999 _aA28797
_c32365
_d32365